| 000 | 00729 a2200229 4500 | ||
|---|---|---|---|
| 005 | 20260330122012.0 | ||
| 008 | 260330b |||||||| |||| 00| 0 eng d | ||
| 020 | _a9781626379664 | ||
| 037 | _cTB | ||
| 040 |
_aCRL _cCRL |
||
| 041 |
_2eng _aeng |
||
| 084 |
_aD65,8(B):71:894 R2 _qCRL |
||
| 100 |
_aUthoff, Constance S. _91116096 |
||
| 245 | _aCyber intelligence: Actors, policies and practices | ||
| 260 |
_aLondon: _bLynne rienner publisher, _c2022. |
||
| 300 | _a441p. | ||
| 365 |
_b45.00 _cUSD |
||
| 650 |
_aComputer Network _9554305 |
||
| 650 |
_aComputer Security _9851076 |
||
| 942 |
_cGB _2CC _hD65,8(B):71:894 R2 |
||
| 999 |
_c1679884 _d1679884 |
||